Welcome to CU Library Online Public Access Catalogue (OPAC)

Structural design : (Record no. 8370)

MARC details
000 -LEADER
fixed length control field 01015cam a22002654a 4500
001 - CONTROL NUMBER
control field 14792998
005 - DATE AND TIME OF LATEST TRANSACTION
control field 20251124195851.0
008 - FIXED-LENGTH DATA ELEMENTS--GENERAL INFORMATION
fixed length control field 070402s2007 njuab b 001 0 eng
020 ## - INTERNATIONAL STANDARD BOOK NUMBER
International Standard Book Number 9780471789048
Qualifying information cloth
020 ## - INTERNATIONAL STANDARD BOOK NUMBER
International Standard Book Number 0471789046
Qualifying information cloth
050 00 - LIBRARY OF CONGRESS CALL NUMBER
Classification number TA658
Item number .U53 2007
082 00 - DEWEY DECIMAL CLASSIFICATION NUMBER
Classification number 624.1/771
Edition information 22
100 1# - MAIN ENTRY--PERSONAL NAME
Personal name Underwood, James R.
245 10 - TITLE STATEMENT
Title Structural design :
Remainder of title a practical guide for architects /
Statement of responsibility, etc. Rod Underwood, Michele Chiuini.
250 ## - EDITION STATEMENT
Edition statement 2nd ed.
260 ## - PUBLICATION, DISTRIBUTION, ETC.
Place of publication, distribution, etc. Hoboken, N.J. :
Name of publisher, distributor, etc. Wiley,
Date of publication, distribution, etc. c2007.
300 ## - PHYSICAL DESCRIPTION
Extent xxi, 792 p. :
Other physical details ill., maps ;
Dimensions 29 cm.
650 #0 - SUBJECT ADDED ENTRY--TOPICAL TERM
Topical term or geographic name entry element Structural design.
650 #0 - SUBJECT ADDED ENTRY--TOPICAL TERM
Topical term or geographic name entry element Architectural design.
700 1# - ADDED ENTRY--PERSONAL NAME
Personal name Chiuini, Michele.
856 41 - ELECTRONIC LOCATION AND ACCESS
Materials specified Table of contents only
Uniform Resource Identifier <a href="http://www.loc.gov/catdir/toc/ecip0714/2007013718.html">http://www.loc.gov/catdir/toc/ecip0714/2007013718.html</a>
856 42 - ELECTRONIC LOCATION AND ACCESS
Materials specified Contributor biographical information
Uniform Resource Identifier <a href="http://www.loc.gov/catdir/enhancements/fy0826/2007013718-b.html">http://www.loc.gov/catdir/enhancements/fy0826/2007013718-b.html</a>
856 42 - ELECTRONIC LOCATION AND ACCESS
Materials specified Publisher description
Uniform Resource Identifier <a href="http://www.loc.gov/catdir/enhancements/fy0826/2007013718-d.html">http://www.loc.gov/catdir/enhancements/fy0826/2007013718-d.html</a>
942 ## - ADDED ENTRY ELEMENTS (KOHA)
Source of classification or shelving scheme Library of Congress Classification
Koha item type Books
Edition 2nd ed.
Suppress in OPAC No
999 ## -
-- 8370
-- 8370
Holdings
Withdrawn status Lost status Source of classification or shelving scheme Damaged status Not for loan Collection Home library Current library Shelving location Date acquired Total checkouts Full call number Barcode Date last seen Copy number Price effective from Koha item type
    Library of Congress Classification     Non-fiction Science Library (Miotso) Science Library (Miotso) General stacks 11/24/2025   TA658 .U53 UND SLM00006146 11/24/2025 1 11/24/2025 Books
    Library of Congress Classification     Non-fiction Science Library (Miotso) Science Library (Miotso) General stacks 11/24/2025   TA658 .U53 UND SLM00006147 11/24/2025 2 11/24/2025 Books
    Library of Congress Classification     Non-fiction Science Library (Miotso) Science Library (Miotso) General stacks 11/24/2025   TA658 .U53 UND SLM00006148 11/24/2025 3 11/24/2025 Books
    Library of Congress Classification     Non-fiction Science Library (Miotso) Science Library (Miotso) General stacks 11/24/2025   TA658 .U53 UND SLM00006149 11/24/2025 4 11/24/2025 Books
    Library of Congress Classification     Non-fiction Science Library (Miotso) Science Library (Miotso) General stacks 11/24/2025   TA658 .U53 UND SLM00006150 11/24/2025 5 11/24/2025 Books
© 2023-2024 Copyright: Central University Libraries. All Rights Reserved | Created by: Mahone Tech Office